000 00274nam a2200097Ia 4500
082 _a702 8 SMIT
245 0 _aMen, rivers and canoes
100 _a PLAYER, Ian Empangeni, South Africa, 2007 2nd ed
_981786
942 _cBK
008 210817s9999 xx 000 0 und d
999 _c293090
_d293089